[Event "CAN-ch U16U18 Girls"]
[Site "Quebec"]
[Date "2018.07.05"]
[Round "7.10"]
[White "Li, Yilin"]
[Black "Eirew, Pepi"]
[Result "1-0"]
[WhiteElo "1957"]
[BlackElo "1086"]
[PlyCount "95"]
[EventDate "2018.07.02"]
[EventType "swiss"]
[EventRounds "7"]
[EventCountry "CAN"]
[SourceTitle "EXT 2022"]
[Source "ChessBase"]
[SourceDate "2021.10.06"]
[SourceVersion "1"]
[SourceVersionDate "2021.10.06"]
[SourceQuality "1"]

1. e4 e6 2. d4 d5 3. exd5 exd5 4. Bd3 Be6 5. Bf4 c5 6. c3 cxd4 7. cxd4 Bb4+ 8. Nc3 Qe7 9. Nge2 Nc6 10. 0-0 Nf6 11. Nb5 0-0 12. a3 Ba5 13. Bd6 Qd7 14. Bxf8 Rxf8 15. Nbc3 Bc7 16. Na4 Bh3 17. Ng3 Bg4 18. Nc5 Qc8 19. Qd2 Bxg3 20. hxg3 g6 21. Nb3 Bh3 22. gxh3 Qxh3 23. Qg5 Ng4 24. Qh4 Qxh4 25. gxh4 f5 26. Bb5 Rc8 27. Rac1 a6 28. Bxc6 Rxc6 29. Rxc6 bxc6 30. Rc1 Kg7 31. Rxc6 Kh6 32. Rxa6 Kh5 33. Ra7 h6 34. Rg7 Nf6 35. a4 Ne8 36. Rg8 Nd6 37. a5 Nb5 38. a6 f4 39. Rh8 Na7 40. Rh7 Nc6 41. Rc7 Kxh4 42. Rxc6 Kg5 43. a7 h5 44. a8Q h4 45. Qf8 f3 46. Qf6+ Kg4 47. Qxg6+ Kf4 48. Rf6# 1-0